• 首页
  • 本馆介绍
  • 公告通知
  • 最新文献
  • 馆藏检索
  • 电子资源
  • 读者导购
  • 参考咨询
  • 我的图书馆
  • 登录
  • 详细信息显示
  • 放入我的书架
  • 预约/预借图书
  • 作者相关作品
  • 分类相关作品
  • 丛书相关作品
  • 出版社相关作品

书目信息

  • 表格格式
  • 工作单格式
  • 卡片格式
书名: Sense and nonsense about crime
作者: Samuel Walker.
分册号:
分册名:
出版地: Pacific Grove, Calif. :
 
出版社: Brooks/Cole Pub. Co
出版时间: c1989.
页数: xvi, 276 p. :
开本: 24 cm.
丛书名: Contemporary issues in crime and justice series
中图分类号:
科图分类号:
其他分类号: D771.288
主题词:
电子资源:
000 01162cam a2200325 a 450
001 E0734579928
005 20070513094154.25
008 880817s1989 caua b 001 0 eng
010    @a88008120
020    @a0534091202 :@cUSD12.50.
035    @A(DLC) 88008120
040    @aDLC@cDLC@dDLC
043    @an-us---
050 00 @aHV9950@b.W35 1989
082 00 @a364.4/0456/0973@2 19
090    @aD771.288
099    @dD771.288@ex106=2
100 1  @aWalker, Samuel,@d1942-
245 10 @aSense and nonsense about crime :@ba policy guide / @cSamuel Walker.
250    @a2nd ed.
260    @aPacific Grove, Calif. :@bBrooks/Cole Pub. Co.,@cc1989.
300    @axvi, 276 p. :@bill. ;@c24 cm.
440  0 @aContemporary issues in crime and justice series
500    @aThe word "nonsense" in the title is printed upside down.
504    @aIncludes bibliographies and index.
650  0 @aCrime prevention@zUnited States.
650  0 @aCriminal justice, Administration of@zUnited States.
906    @a7@bcbc@corignew@d1@eocip@f19@gy-gencatlg
955    @aCIP ver. br27 to SL 10-24-89
991    @bc-GenColl@hHV9950@i.W35 1989@p00019561124@tCopy 1@wBOOKS
    
    Sense and nonsense about crime : : a policy guide / / Samuel Walker.-2nd ed.-Pacific Grove, Calif. : : Brooks/Cole Pub. Co., , c1989.
    xvi, 276 p. : : ill. ; ; 24 cm.- (Contemporary issues in crime and justice series )
    The word "nonsense" in the title is printed upside down.-Includes bibliographies and index.
    
    ISBN 0534091202 :USD12.50.
    
●
相关链接 在E读中查询图书 在五车中查询图书 在当当中查询图书 在豆瓣中查询图书


正题名:Sense and nonsense about crime     索取号:D771.288/x106=2         预约/预借

序号 登录号 条形码 馆藏地/架位号 状态 备注
1 0008476   300084762   第二样本阅览室/ [索取号:D771.288/x106=2] 在馆    
唐山师范学院图书馆 欢迎您!
大连网信软件有限公司© 版权所有